| 000 | 00628nam a2200205 u 4500 | ||
|---|---|---|---|
| 005 | 20220816161459.0 | ||
| 008 | 131209s1996 r 000 0 eng d | ||
| 020 | _a9684099037 | ||
| 035 | _aUPN01000194656 | ||
| 049 | _aCG | ||
| 050 | 4 |
_aHQ767 _bR5.8 |
|
| 100 | 1 |
_aRivas Zivy, Martha Gabriela _935300 |
|
| 245 | 1 | 0 |
_aVoces e historias sobre el aborto / _cMarta Rivas Zivy, Ana Amuchástegui Herrera. |
| 260 |
_aMéxico : _bEDAMEX, _c1996. |
||
| 300 | _a125 p. | ||
| 650 | 7 |
_aAborto _vCasos, informes clínicos, estadística _2 _959 |
|
| 700 | 1 |
_aAmuchástegui Herrera, Ana, _ecoaut. |
|
| 905 | _aLibro | ||
| 999 |
_c166757 _d166757 |
||